Kurz bude ďalej zlacňovať dovolenky a tovary

Podrobná bibliografia
Hlavný autor: Šikuda, Slavomír (Autor)
Médium: Článok
Jazyk:slovenčina
Fyzický popis:Fotogr.
ISSN:1336-7625
Predmet:

MARC

LEADER 00000nab a2200000 ar4500
001 vtls008427148
003 SK-MaSNL
005 20260303065948.0
008 060131c20060111xo dr|n|||||||000 b|slo
015 |a SNBRB2006/01  |2 snkbucl 
040 |a SNKBUCL  |b slo  |c SNKBUCL  |e AACR2 
041 0 |a slo 
044 |a xo  |c SK 
080 |a 336.743  |x (437.6)  |2 1981 
080 |a 336.748  |2 1981 
100 1 |a Šikuda, Slavomír  |4 aut  |9 858129 
245 1 0 |a Kurz bude ďalej zlacňovať dovolenky a tovary  |c Slavomír Šikuda 
300 |b Fotogr. 
648 7 |a 2006  |2 snkbucl  |9 313148 
650 0 7 |a slovenská mena  |2 snkbucl  |9 770299 
650 0 7 |a devízové kurzy   |2 snkbucl  |9 2129 
773 0 |t 24 hodín  |g Roč. II, č. 8 (11.1.2006), s. 7  |x 1336-7625 
852 |a SNK  |b KIS3GCP 
958 |a SK 
999 |c 1753438  |d 1755368